| 000 | 01062cam a2200313 i 4500 | ||
|---|---|---|---|
| 999 |
_c200453238 _d71450 |
||
| 003 | TR-AnTOB | ||
| 005 | 20230828101745.0 | ||
| 008 | 230605s2015 oa||| ||| 000 0 tur d | ||
| 022 | _a1300-9206 | ||
| 040 |
_aTR-AnTOB _beng _erda _cTR-AnTOB |
||
| 041 | 0 | _atur | |
| 050 | 1 | _aNX565.A1 | |
| 090 |
_aNX565.A1 _bA83 2015 |
||
| 245 | 0 | 0 |
_aAtatürk Üniversitesi Güzel Sanatlar Enstitüsü dergisi: _bProf. Dr. Fahri Işık özel sayısı. |
| 264 | 1 |
_aErzurum : _bAtatürk Üniversitesi Güzel Sanatlar Enstitüsü, _c2015. |
|
| 300 |
_a315 pages : _bphotographs ; _c23 cm |
||
| 310 | _aIrregular. | ||
| 336 |
_2rdacontent _atext _btxt |
||
| 337 |
_2rdamedia _aunmediated _bn |
||
| 338 |
_2rdacarrier _avolume _bnc |
||
| 362 | _aSayı 1 (1994)- | ||
| 500 | _a"Yıl: 2015 Sayı:35" | ||
| 600 | 1 | 0 |
_aIşık, Fahri, _d1944- _9142125 |
| 650 | 7 |
_aSanat _vSüreli yayınlar _2etuturkob _972879 |
|
| 740 | 0 | _aGüzel Sanatlar Enstitüsü dergisi | |
| 856 | _uhttps://dergipark.org.tr/tr/pub/ataunigsed/issue/45076 | ||
| 942 |
_2lcc _cBK |
||